| 000 | 01577cam a22004814i 4500 | ||
|---|---|---|---|
| 003 | PE-LiUPU | ||
| 005 | 20250731165625.0 | ||
| 008 | 150616s r 000 0 d | ||
| 035 | _a(Sirsi) a6191 | ||
| 040 |
_aPE-LiUPU _bspa _cPE-LiUPU _erda |
||
| 049 | _aPRUA | ||
| 082 | 0 | 4 |
_a291.64942 _bH39 _221 |
| 110 | 2 | _aHendrickson Publishers, Inc. | |
| 245 | 1 | 4 |
_aThe Works of John Wesley. _n11. |
| 264 | 1 |
_aMassachusetts : _bHendrickson Publishers, Inc., _c1960. |
|
| 300 |
_a527 páginas ; _c21 cm. |
||
| 336 |
_atext _2rdacontent |
||
| 337 |
_aunmediated _2rdamedia |
||
| 338 |
_avolume _2rdacarrier |
||
| 505 | 0 | _aPensamientos -- Discursos -- Oraciones -- Cartas de John Wesley.-Wesley John. | |
| 526 | _aSEG44 | ||
| 526 | _aSEG26 | ||
| 526 | _aP151 | ||
| 526 | _aP150 | ||
| 526 | _aP149 | ||
| 526 | _aP146 | ||
| 526 | _aP145 | ||
| 526 | _aP126 | ||
| 526 | _aP125 | ||
| 526 | _aP92 | ||
| 526 | _aP75 | ||
| 526 | _aP74 | ||
| 526 | _aP27 | ||
| 526 | _aP15 | ||
| 650 | 0 | 4 | _aWESLEY, JOHN, 1703-1791 - PENSAMIENTOS, DISCURSOS, ORACIONES, CARTAS. |
| 910 |
_ajck _bjvq _cjck |
||
| 942 |
_2ddc _cBOOK |
||
| 949 |
_aRC 291.64942 H39 11 _wDEWEY _c1 _i23287 _lCCODEBUL1 _mBUL _p00.00 _r0 _sY _tBOOK _u19951013 _xTEOLOGIA _zUNKNOWN _0COMPRA _o.STAFF. Colección General |
||
| 994 |
_aC0 _bPEPRU |
||
| 596 | _a1 | ||
| 999 |
_aRC 291.64942 H39 11 _wDEWEY _c57298 _i23287 _f2021-11-8 _g6 _lCCODEBUL1 _mBUL _r1 _sY _tBOOK _u2015-6-16 _xTEOLOGIA _zUNKNOWN _0COMPRA _o.STAFF. Colección General _d57298 |
||
| 980 |
_81 _gALBERTO SANCHEZ Responsable de Automatización |
||